| 000 | 00792nam a2200205 4500 | ||
|---|---|---|---|
| 001 | 126415 | ||
| 003 | ES-MaACL | ||
| 005 | 20251003185427.0 | ||
| 007 | t| | ||
| 008 | 070214s1946 sp r ||||1| spa d | ||
| 100 | 1 |
_aVásquez, Juan. _9113278 |
|
| 245 | 1 | 0 |
_aJuan Vázquez _b: `recopilación de sonetos y villancicos a quatro y a cinco` (Sevilla 1560) / _ctranscripción y estudio por Higinio Anglés. |
| 260 |
_aBarcelona : _b[s.n.], _c1946. |
||
| 300 |
_aVIII, 48 p., 227 p. ; _c32 cm. |
||
| 500 | _aPrecede al tít.: Consejo Superior de Investigaciones Científicas. Instituto Español de Musicología. | ||
| 700 | 1 |
_aAnglés, Higinio, _d1888-1969 _921747 |
|
| 710 | 2 |
_aInstituto Español de Musicología. _95046 |
|
| 852 |
_aES-MaACL _jC-55016 _bR.87867 |
||
| 999 |
_c126415 _d126415 |
||